Dulce, suave, duro, amargo (Registro nro. 3062)

Detalles MARC
000 -Cabecera
Campo de control de longitud fija 00621aam a2200241 4500
005 - Fecha y hora de la última transacción
Campo de control 20250805134231.0
008 - Elementos de longitud fija--Información general
Campo de control de longitud fija 150625b xxu||||| |||| 00| 0 spa d
020 ## - International Standard Book Number
Número Internacional Estándar del Libro (ISBN) 9977121532
041 ## - Idioma
Código de idioma Español
082 ## - Clasificación Decimal Dewey
Número de clasificación CR 861.4 V716d
100 ## - Entrada principal--Autor personal
Nombre personal Villalobos Arce, Guillermo
9 (RLIN) 26222
245 ## - Título propiamente dicho
Título Dulce, suave, duro, amargo
260 ## - Pie de imprenta
Lugar de publicación, distribución, etc. España
260 ## - Pie de imprenta
Nombre del editor, distribuidor, etc. Impresora Lithocolor S.A.
260 ## - Pie de imprenta
Fecha de publicación, distribución, etc. 1997
300 ## - Descripción física
Extensión 186 páginas
490 ## - Serie
Título de la Serie TEMÁTICA GENERAL
650 ## - Materia general
Temática (materia general) TEMÁTICA GENERAL
650 ## - Materia general
Temática (materia general) LITERATURA COSTARRICENSE
650 ## - Materia general
Temática (materia general) POESÍA COSTARRICENSE
650 ## - Materia general
Temática (materia general) COSTA RICA
942 ## - Punto de acceso adicional KOHA
Tipo de ítem KOHA Libro
Fuente del sistema de clasificación o colocación Dewey Decimal Classification
Existencias
Signatura completa Código de barras Programa Académico Tipo de ítem
CR 861.4 V716d 17813 Temática General Libro